Statistics for Mona Lisa Lost her Smile- David Allan Coe

Click here to take the quiz!

General Stats

  • This quiz has been taken 8 times
  • The average score is 39 of 108

Answer Stats

Answer% Correct
a
100%
lisa
83%
mona
83%
i
67%
smile
67%
and
50%
be
50%
her
50%
how
50%
lost
50%
no
50%
she
50%
the
50%
are
33%
because
33%
erased
33%
ground
33%
had
33%
hands
33%
if
33%
in
33%
is
33%
it
33%
its
33%
just
33%
laying
33%
masterpiece
33%
my
33%
name
33%
now
33%
on
33%
out
33%
painters
33%
planned
33%
running
33%
shattered
33%
shes
33%
taught
33%
that
33%
there
33%
trembling
33%
we
33%
why
33%
wild
33%
burn
17%
cold
17%
eyes
17%
flame
17%
for
17%
gave
17%
got
17%
little
17%
longer
17%
look
17%
love
17%
me
17%
much
17%
seems
17%
they
17%
till
17%
to
17%
too
17%
took
17%
touch
17%
used
17%
way
17%
well
17%
yesterday
17%

Score Distribution

Percentile by Number Answered

Percent of People with Each Score

Your Score History

You have not taken this quiz